Individual incentives and collective efficiency for an externality game with incomplete information

Gespeichert in:
Bibliographische Detailangaben
1. Verfasser: Aspremont, Claude
Weitere Verfasser: André, Louis, Varet, Gerard
Format: Buch
Sprache:Englisch
Veröffentlicht: Louvain Universite Catholique 1975
Tags: Tag hinzufügen
Keine Tags, Fügen Sie das erste Tag hinzu!

MARC

LEADER 00000nam a2200000 4500
001 0222856
005 20240822101702.3
041 0 |a eng 
044 |a BE 
245 1 0 |a Individual incentives and collective efficiency for an externality game with incomplete information  |c Claude Aspremont, Louis André, Gerard Varet 
264 1 |a Louvain  |b Universite Catholique  |c 1975 
300 |a 25 s. 
100 1 |a Aspremont, Claude 
700 1 |a André, Louis 
700 1 |a Varet, Gerard